000
00319nam a2200133Ia 4500
003
OStR
005
20240309161010.0
008
170523s9999 xx 000 0 und d
020
_a
9780071792776
040
_a
IIMTU
_c
IIMTU
100
_a
Murray-Robert K
245
0
_a
Harper's Illustrated Biochemistry
942
_2
ddc
_c
02
999
_c
11050
_d
11050